Les slogans de marques - Statistiques

Statistiques générales
  • Ce quiz a été pris 522 fois
  • Le résultat moyen est 10 sur 20
Statistiques - réponses
Slogan Marque % Correct
Just do it Nike
93%
Movement that inspires KIA
86%
La mode à petits prix Kiabi
86%
C’est beau la vie, pour les grands et les petits Haribo
84%
Venez comme vous êtes McDonald’s
84%
What else ? Nespresso
83%
La boisson qui donne des ailes Red Bull
83%
Tout le monde se lève pour… Danette
64%
Le vrai prix des bonnes choses Lidl
58%
Parce que je le vaux bien L’Oréal
49%
Ça coule de source Cristaline
44%
Faire du ciel le plus bel endroit de la terre Air France
38%
Par amour du goût Amora
32%
What did you expect ? Schweppes
32%
Parce que le monde bouge CIC
29%
Think different Apple
26%
Impossible is nothing Adidas
24%
La fin des lunettes chères Générale d’optique
13%
Taste the feeling Coca
11%
Soyez vous SFR
4%
Aucun quiz correspondant
Distribution des résultats
% des personnes avec chaque résultat
Percentile par nombre de réponses
Votre historique - résultats
Vous n’avez pas pris ce quiz